| 000 | 01346cam a2200397 i 4500 | ||
|---|---|---|---|
| 001 | 64353 | ||
| 003 | Mx-PuUPA | ||
| 005 | 20240410104105.0 | ||
| 006 | m o d | ||
| 007 | cr ||||||||||| | ||
| 008 | 160328t20152015mx ab ob 000 0 spa d | ||
| 020 |
_a9786078450022 _q(ePub) |
||
| 020 |
_a6078450026 _q(ePub) |
||
| 020 | _z9786078348886 | ||
| 020 | _z6078348884 | ||
| 035 | _a(OCoLC)945684981 | ||
| 040 |
_aMx-PuUPA _bspa _cMx-PuUPA _dMx-PuUPA _erda |
||
| 041 | 1 |
_aspa _heng |
|
| 100 | 1 |
_aLittlewood, Michael, _eautor _912073 |
|
| 240 | 1 | 0 |
_aTree detailing. _lEspañol |
| 245 | 1 | 0 |
_aDiseño urbano. _n3. _pÁrboles / _cMichael Littlewood |
| 264 | 1 |
_aMéxico : _bEdiciones G. Gili, _c1995 |
|
| 300 |
_a185 páginas : _bilustraciones, planos, diagramas ; _c30 cm |
||
| 336 |
_atext _btxt _2rdacontent |
||
| 337 |
_asin medio _bn _2rdamedia |
||
| 338 |
_avolumen _bnc _2rdacarrier |
||
| 490 | 0 | _aDetalles | |
| 650 | 7 |
_aCercas _xDiseño y construcción _2armarc |
|
| 650 | 7 |
_aJardines _xDiseño y construcción |
|
| 650 | 7 |
_aMuros _xDiseño y construcción _2armarc |
|
| 700 | 1 |
_aCastán, Santi, _etraductor |
|
| 765 | 0 | 8 |
_aLittlewood, Michael, _d[Lugar de publicación no identificado] : Butterwoth-Heinemann, 1988 _tTree detailing. |
| 942 |
_2ddc _cLI _h717 _iL775 |
||
| 999 |
_c64353 _d64353 |
||